| 000 | 00876nam a22002897a 4500 | ||
|---|---|---|---|
| 003 | CHAP | ||
| 005 | 20220329135044.0 | ||
| 008 | 971013s1972 r 00010 d | ||
| 010 | _a30227 | ||
| 011 | _a31199 | ||
| 035 | _a35311 | ||
| 040 | _cCHAP | ||
| 090 | _aFolleto 2814 | ||
| 100 | 0 | 0 |
_aCoppack, Raymand H. _927889 |
| 245 |
_aPesticides _b: the issues, the alternative |
||
| 260 |
_a(Berkeley, Calif) : _bUniv. of California Division of Agricultural. Sciences, _c1972 |
||
| 300 | _as.p. | ||
| 490 | _aEnvironmental concerns | ||
| 590 |
_aBATCH-UPD _b10 _c20130110 _lUCH01 _h0055 |
||
| 590 |
_aBATCH-UPD _b10 _c20130110 _lUCH01 _h0939 |
||
| 590 |
_aCONVERSION _b10 _c20130109 _lUCH01 _h1317 |
||
| 650 | 1 | 4 |
_aPesticidas. _987536 |
| 830 | 0 |
_aEnvironmental concerns _937176 |
|
| 901 | _aBK | ||
| 942 | _cFOLL | ||
| 949 |
_aFolleto 2814 _bBC _cFOLL _d-81570 _eTS1 _i35311 _mD _si |
||
| 999 |
_c30227 _d30227 |
||